Algunos aspectos de la reforma proyectada en la Teoría General de los Contratos. Principios, definición, clasificación y categoría contractuales. (Registro nro. 25313)

Detalles MARC
000 -LEADER
fixed length control field 00461 a2200109 4500
001 - CONTROL NUMBER
control field ART_17227
005 - DATE AND TIME OF LATEST TRANSACTION
control field 20260410161854.0
008 - FIXED-LENGTH DATA ELEMENTS--GENERAL INFORMATION
fixed length control field 260409a
100 1# - MAIN ENTRY--PERSONAL NAME
Personal name Caramelo, Gustavo
245 10 - TITLE STATEMENT
Title Algunos aspectos de la reforma proyectada en la Teoría General de los Contratos. Principios, definición, clasificación y categoría contractuales.
773 0# - HOST ITEM ENTRY
Title Derecho privado
Related parts Reforma del Código Civil III - Año II, Nº 4 (mar. 2013)
Record control number REV10455

No hay ítems disponibles.